000
00333 a2200145 4500
001
60682
020
_a
8587063405
040
_c
Anchieta - Pituba
100
_a
Castrogiovanni, Antonio Carlos
240
1
0
_a
Ensino de geografia
_l
por
245
1
0
_a
Ensino de geografia
300
_a
169
650
4
_a
Geografia e viagens
942
_c
BK
999
_c
60682
_d
60682